<?xml version="1.0" encoding="UTF-8"?><?xml-stylesheet type="text/xsl" href="static/style.xsl"?><OAI-PMH xmlns="http://www.openarchives.org/OAI/2.0/" xmlns:xsi="http://www.w3.org/2001/XMLSchema-instance" xsi:schemaLocation="http://www.openarchives.org/OAI/2.0/ http://www.openarchives.org/OAI/2.0/OAI-PMH.xsd"><responseDate>2026-04-17T03:25:00Z</responseDate><request verb="GetRecord" identifier="oai:www.recercat.cat:11351/11176" metadataPrefix="marc">https://recercat.cat/oai/request</request><GetRecord><record><header><identifier>oai:recercat.cat:11351/11176</identifier><datestamp>2025-10-24T10:24:31Z</datestamp><setSpec>com_2072_378070</setSpec><setSpec>com_2072_378040</setSpec><setSpec>col_2072_378092</setSpec></header><metadata><record xmlns="http://www.loc.gov/MARC21/slim" xmlns:dcterms="http://purl.org/dc/terms/" xmlns:xsi="http://www.w3.org/2001/XMLSchema-instance" xmlns:doc="http://www.lyncode.com/xoai" xsi:schemaLocation="http://www.loc.gov/MARC21/slim http://www.loc.gov/standards/marcxml/schema/MARC21slim.xsd">
   <leader>00925njm 22002777a 4500</leader>
   <datafield ind2=" " ind1=" " tag="042">
      <subfield code="a">dc</subfield>
   </datafield>
   <datafield ind2=" " ind1=" " tag="720">
      <subfield code="a">Langford, Richard</subfield>
      <subfield code="e">author</subfield>
   </datafield>
   <datafield ind2=" " ind1=" " tag="720">
      <subfield code="a">Pogatzki-Zahn, Esther</subfield>
      <subfield code="e">author</subfield>
   </datafield>
   <datafield ind2=" " ind1=" " tag="720">
      <subfield code="a">Morte Pérez, Adelaida</subfield>
      <subfield code="e">author</subfield>
   </datafield>
   <datafield ind2=" " ind1=" " tag="720">
      <subfield code="a">Sust, Mariano</subfield>
      <subfield code="e">author</subfield>
   </datafield>
   <datafield ind2=" " ind1=" " tag="720">
      <subfield code="a">Cebrecos, Jesus</subfield>
      <subfield code="e">author</subfield>
   </datafield>
   <datafield ind2=" " ind1=" " tag="720">
      <subfield code="a">vaqué, anna</subfield>
      <subfield code="e">author</subfield>
   </datafield>
   <datafield ind2=" " ind1=" " tag="720">
      <subfield code="a">Bescós, Coro</subfield>
      <subfield code="e">author</subfield>
   </datafield>
   <datafield ind2=" " ind1=" " tag="260">
      <subfield code="c">2024-03-11T12:57:46Z</subfield>
   </datafield>
   <datafield ind2=" " ind1=" " tag="260">
      <subfield code="c">2024-03-11T12:57:46Z</subfield>
   </datafield>
   <datafield ind2=" " ind1=" " tag="260">
      <subfield code="c">2024-03</subfield>
   </datafield>
   <datafield ind2=" " ind1=" " tag="520">
      <subfield code="a">Acute pain; Efficacy; Co-crystal</subfield>
   </datafield>
   <datafield ind2=" " ind1=" " tag="520">
      <subfield code="a">Dolor agut; Eficàcia; Cocristall</subfield>
   </datafield>
   <datafield ind2=" " ind1=" " tag="520">
      <subfield code="a">Dolor agudo; Eficacia; Cocristal</subfield>
   </datafield>
   <datafield ind2=" " ind1=" " tag="520">
      <subfield code="a">Introduction&#xd;
Co-crystal of tramadol-celecoxib (CTC) is the first analgesic co-crystal for acute pain. This completed phase 3 multicenter, double-blind trial assessed the efficacy and safety/tolerability of CTC in comparison with that of tramadol in the setting of moderate-to-severe pain up to 72 h after elective third molar extraction requiring bone removal.&#xd;
Methods&#xd;
Adults (n = 726) were assigned randomly to five groups (2:2:2:2:1): orally administered twice-daily CTC 100 mg (44 mg rac-tramadol hydrochloride/56 mg celecoxib; n = 164), 150 mg (66/84 mg; n = 160) or 200 mg (88/112 mg; n = 160); tramadol 100 mg four times daily (n = 159); or placebo four times daily (n = 83). Participants in CTC groups also received twice-daily placebo. The full analysis set included all participants who underwent randomization. The primary endpoint was the sum of pain intensity differences over 0 to 4 h (SPID0–4; visual analog scale). Key secondary endpoints included 4-h 50% responder and rescue medication use rates. Safety endpoints included adverse events (AEs), laboratory measures, and Opioid-Related Symptom Distress Scale (OR-SDS) score.&#xd;
Results&#xd;
All CTC doses were superior to placebo (P &lt; 0.001) for primary and key secondary endpoints. All were superior to tramadol for SPID0–4 (analysis of covariance least squares mean differences [95% confidence interval]: − 37.1 [− 56.5, − 17.6], − 40.2 [− 59.7, − 20.6], and − 41.7 [− 61.2, − 22.2] for 100, 150, and 200 mg CTC, respectively; P &lt; 0.001) and 4-h 50% responder rate. Four-hour 50% responder rates were 32.9% (CTC 100 mg), 33.8% (CTC 150 mg), 40.6% (CTC 200 mg), 20.1% (tramadol), and 7.2% (placebo). Rescue medication use was lower in the 100-mg (P = 0.013) and 200-mg (P = 0.003) CTC groups versus tramadol group. AE incidence and OR-SDS scores were highest for tramadol alone.&#xd;
Conclusions&#xd;
CTC demonstrated superior pain relief compared with tramadol or placebo, as well as an improved benefit/risk profile versus tramadol.&#xd;
Trial registration&#xd;
ClinicalTrials.gov identifier, NCT02982161; EudraCT number, 2016-000592-24.</subfield>
   </datafield>
   <datafield ind2=" " ind1=" " tag="520">
      <subfield code="a">The study was sponsored by Mundipharma Research GmbH &amp; Co. KG (Limburg, Germany) and bioanalytical analysis was performed by ESTEVE Pharmaceuticals S.A. (Barcelona, Spain), who invented and codeveloped CTC. CTC is now under development by ESTEVE Pharmaceuticals S.A. Scientists employed by the funder and ESTEVE Pharmaceuticals S.A. participated in the design and conduct of the study, data review and interpretation, and drafting of the article. Funding for the journal’s Rapid Service and Open Access Fees was provided by ESTEVE Pharmaceuticals S.A.</subfield>
   </datafield>
   <datafield ind1="8" ind2=" " tag="024">
      <subfield code="a">http://hdl.handle.net/11351/11176</subfield>
   </datafield>
   <datafield tag="653" ind2=" " ind1=" ">
      <subfield code="a">Dolor postoperatori</subfield>
   </datafield>
   <datafield tag="653" ind2=" " ind1=" ">
      <subfield code="a">Pèptids opioides</subfield>
   </datafield>
   <datafield tag="653" ind2=" " ind1=" ">
      <subfield code="a">Analgèsics</subfield>
   </datafield>
   <datafield tag="653" ind2=" " ind1=" ">
      <subfield code="a">Boca - Cirurgia</subfield>
   </datafield>
   <datafield tag="653" ind2=" " ind1=" ">
      <subfield code="a">CHEMICALS AND DRUGS::Chemical Actions and Uses::Pharmacologic Actions::Physiological Effects of Drugs::Central Nervous System Depressants::Narcotics::Analgesics, Opioid</subfield>
   </datafield>
   <datafield tag="653" ind2=" " ind1=" ">
      <subfield code="a">ANALYTICAL, DIAGNOSTIC AND THERAPEUTIC TECHNIQUES, AND EQUIPMENT::Dentistry::Surgery, Oral</subfield>
   </datafield>
   <datafield tag="653" ind2=" " ind1=" ">
      <subfield code="a">DISEASES::Pathological Conditions, Signs and Symptoms::Pathologic Processes::Postoperative Complications::Pain, Postoperative</subfield>
   </datafield>
   <datafield tag="653" ind2=" " ind1=" ">
      <subfield code="a">COMPUESTOS QUÍMICOS Y DROGAS::acciones y usos químicos::acciones farmacológicas::efectos fisiológicos de los fármacos::depresores del sistema nervioso central::narcóticos::analgésicos opioides</subfield>
   </datafield>
   <datafield tag="653" ind2=" " ind1=" ">
      <subfield code="a">TÉCNICAS Y EQUIPOS ANALÍTICOS, DIAGNÓSTICOS Y TERAPÉUTICOS::odontología::cirugía oral</subfield>
   </datafield>
   <datafield tag="653" ind2=" " ind1=" ">
      <subfield code="a">ENFERMEDADES::afecciones patológicas, signos y síntomas::procesos patológicos::complicaciones posoperatorias::dolor posoperatorio</subfield>
   </datafield>
   <datafield ind2="0" ind1="0" tag="245">
      <subfield code="a">Co-crystal of Tramadol-Celecoxib Versus Tramadol or Placebo for Acute Moderate-to-Severe Pain After Oral Surgery: Randomized, Double-Blind, Phase 3 Trial (STARDOM1)</subfield>
   </datafield>
</record></metadata></record></GetRecord></OAI-PMH>